000 00720nam a2200241 i 4500
001 C2-0308850
003 PPAK
005 20180728095746.0
008 110516s1980 my a|||| ||||| | eng d
040 _aPPAK
_beng
_cPPAK
_erda
082 0 4 _a630.9595
_223
090 0 0 _a630.9595
_bWWK
_dKK
100 0 _aW.W.Ko,
_eauthor
245 1 0 _aLapuran MARDI report :
_bThe control of vegetable disease in Cameron Highlands
264 1 _aSelangor :
_bMARDI ,
_c1980
300 _a19 pages :
_bcolour illustrations ;
_c26 cm.
336 _2rdacontent
_atext
337 _2rdamedia
_aunmediated
338 _2rdacarrier
_avolume
500 _aMARDI Report No. 72, 1980
650 1 0 _aAgriculture - Malaysia
942 _ddc
_cB
999 _c111419
_d111419